000 00860nam a22002897a 4500
001 BR8007017
003 BR-BrBNA
005 20230928090821.0
007 ta
008 230509b bl.||||| |||| 00| 0 por d
040 _aBR-BrBNA
_bpor
_cBiblioteca Nacional de Agricultura
041 _a(Por)
072 _aE50; C00
090 _ E50 BR8007017
100 1 _aAzevedo, A.A.
100 1 _aPereira, M.J. de S.
100 1 _aSilva, R.F. de S.
110 1 _aEmpresa de Assistencia Tecnica e Extensao Rural do Estado da Paraiba, Joao Pessoa (Brasil)
245 1 _aNocoes de enfermagem e obstetricia cuidados pre e pos-natal [saude, comunidade rural]
260 3 _aJoao Pessoa, PB (Brasil):
_c1980.
300 _a66 p.
650 _aSAUDE
650 _aENFERMAGEM
650 _aEXTENSAO RURAL
909 _a202309
_bLucia
_c55
_dLucia Elande
942 _cBK
999 _c30700
_d30700